| 000 | 00519nam a2200181 i 4500 | ||
|---|---|---|---|
| 001 | 110653 | ||
| 003 | ES-MaACL | ||
| 005 | 20230906185121.0 | ||
| 007 | t| | ||
| 008 | 070207q19501959sp ||||1| spa d | ||
| 080 | _a657.01:511(075.3) | ||
| 245 | 0 | 0 | _aCurso de cálculo comercial... |
| 260 |
_aMadrid : _bInstituto de Contabilidad, _c[195-?] |
||
| 300 |
_a108 h. ; _c31 cm. |
||
| 650 | 1 | 4 |
_aCálculo mercantil. _910674 |
| 710 | 2 |
_aInstituto de Contabilidad de Madrid. _94846 |
|
| 852 |
_aES-MaACL _jC-19459 _bR.48872 |
||
| 999 |
_c110653 _d110653 |
||